[Event "Yerevan"]
[Site "Yerevan"]
[Date "1996.??.??"]
[Round "9"]
[White "Vaganian, Rafael A"]
[Black "Minasian, Artashes"]
[Result "1-0"]
[WhiteElo "2615"]
[BlackElo "2580"]
[Annotator "Horn,Pe"]
[PlyCount "115"]
[EventDate "1996.04.??"]
[EventType "tourn"]
[EventRounds "11"]
[EventCountry "ARM"]
[EventCategory "15"]
[SourceTitle "CBM 053"]
[Source "ChessBase"]
[SourceDate "1996.08.01"]
[SourceVersion "1"]
[SourceVersionDate "1996.08.01"]
[SourceQuality "1"]

1. Nf3 {Hecht} d5 2. g3 Bg4 3. Bg2 c6 4. d3 Nd7 5. O-O e6 6. b3 Qf6 $6 (6...
Be7 7. Bb2 Bf6 8. d4 Be7 (8... h5 9. Nbd2 h4 10. e4 $1 hxg3 11. hxg3 Bg5 12.
Qe1 $1 $14 Bxd2 13. Nxd2 Ne7 (13... Qg5 $5) 14. c4 $16 {Vaganian-Lau/BRD/1991})
(8... Bxf3 9. Bxf3 Ne7 10. e4 dxe4 11. Bxe4 O-O 12. Nd2 Qc7 13. c4 c5 14. Qc2
Ng6 15. d5 (15. Nf3 $5) 15... exd5 16. Bxd5 Bxb2 17. Qxb2 Nf6 18. Bg2 Rad8 $10
{Vaganian-Campora/Manila olm/1992}) 9. Nbd2 Ngf6 10. Re1 O-O 11. e4 dxe4 12.
Nxe4 Nxe4 13. Rxe4 Bf5 14. Re3 a5 15. a3 Bf6 16. Qe2 Qc7 17. c4 Bg4 18. h3 Bxf3
19. Bxf3 Rad8 20. Rd1 Nb6 21. a4 c5 22. dxc5 Rxd1+ 23. Qxd1 Bxb2 24. cxb6 Qxb6
$10 {Vaganian-Razuvaev/Reggio Emilia/1996}) 7. d4 $146 (7. c3 $6 {sieht recht
halbherzig aus.}) 7... Bd6 8. c4 Qe7 9. Nc3 f5 10. Qc2 $1 {Ein schlauer
Wartezug.} (10. Bb2 Nh6 $1) (10. cxd5 exd5 11. h3 $14) 10... Ngf6 (10... dxc4
$6 11. bxc4 e5 12. Rb1 $16) 11. cxd5 exd5 $6 (11... cxd5 12. Nb5 $16 {erobert
das Läuferpaar}) (11... Nxd5 $142 $14) 12. h3 $1 Bxf3 $8 13. exf3 O-O {
Minasian hatte die Wahl zwischen zwei Übeln: entweder ergibt einen P für
zweifelhafte Kompensation, oder er muß lang rochieren, wo sein K leicht in
einen Angriff geraten kann.} (13... g6 14. Bh6 (14. Bf4 Nf8 15. Rfe1 Ne6 16.
Bxd6 Qxd6 17. Qe2 Kf7 $10) 14... O-O-O (14... Nf8 $2 15. Rfe1 Ne6 16. Re3 $18 {
[%cal Ra1e1]}) 15. Rfe1 Qf7 16. b4 $1 Rhe8 (16... Kb8 17. b5 $16) (16... Bxb4
17. Nb5 a6 18. Reb1 Bc5 (18... axb5 19. Rxb4 $40 {[%cal Ra2a4]}) 19. dxc5 axb5
20. a4 $40) 17. b5 $16) 14. Qxf5 Ne8 (14... Rae8 $16) 15. Qd3 (15. Qg5 Qxg5 16.
Bxg5 h6 17. Bd2 g5 18. h4 $1 $16) 15... g5 {Das war also die Idee: der Pf3
soll hinten bleiben. Das funktioniert aber bei energischem weißen Spiel nicht,
wie Vaganian schnell nachweist.} 16. Qe3 {[%csl Rg5]} h6 (16... Qxe3 17. fxe3 (
17. Bxe3 $16) 17... Bxg3 18. e4 dxe4 19. Nxe4 $16 (19. Bxg5 $16)) 17. Qxe7 Bxe7
18. f4 Bf6 {[%csl Rd4][%cal Ye8g7,Yg7e6,Yg7f5,Yd7f8,Yf8e6] Versucht ein Spiel
gegen den Pd4 aufzuziehen.} 19. Ne2 (19. Rd1 Ng7 20. Ba3 Rfe8 21. fxg5 hxg5 22.
Bf3 Nf8 23. Rac1 Nfe6 24. Ne2 Nf5 25. Bb2 Re7 $14) 19... Ng7 20. Be3 Nf5 21.
Rad1 Rae8 22. Rd3 Re7 (22... gxf4 23. Nxf4 $16) 23. g4 gxf4 (23... Nxe3 24.
fxe3 $16) 24. Nxf4 Nxe3 25. fxe3 {[#]} Rxe3 $6 {Die Kombination ist zwar nicht
inkorrekt, aber letztlich führt sie in ein Leichtfigurendspiel mit einem
Mehrbauern für Weiß. Bei einer weniger direkten Fortsetzung hätte Schwarz
immer noch auf die ungleichen Läufer pochen können.} 26. Rxe3 Bxd4 {[#]} 27.
Nxd5 $1 cxd5 28. Bxd5+ Kg7 29. Rxf8 Bxe3+ 30. Rf2 Nc5 31. Kg2 Bxf2 32. Kxf2 {
Hecht: [#] starker L mit einem Mehrbauern am K-Flügel, Raumgewinn und Zugang
zum D-Flügel durch Zugzwang und Austempieren der schwarzen Figuren} Kf6 33. Ke3
Ke5 34. Bf3 b6 35. h4 Ne6 36. Be4 Nf4 37. g5 hxg5 38. hxg5 Ne6 39. g6 Ng7 (
39... Kf6 40. Kd3 Nc5+ 41. Kd4 Nxe4 42. Kxe4 Kxg6 43. Kd5 $18) 40. Bd3 Ne6 41.
Bc4 Ng7 42. Kd3 Nf5 (42... Kd6 {Hecht} 43. Ke4 $18) 43. Kc3 a5 44. Bd3 {
Tempogewinn} Ng7 45. Kc4 Kd6 46. Kd4 Ke6 47. Bc4+ Kd6 48. Ke4 {Zugzwang} Ne8
49. Kf5 Ke7 50. Ke5 Ng7 51. a4 Nh5 52. Be6 Ng7 53. Bf7 (53. Bg4 $18 {Hecht})
53... Nh5 54. Kd5 Kd7 55. Be6+ Ke7 56. Bf5 Ng7 57. Bd3 Ne6 (57... Kd7 {Hecht}
58. Bb5+ $18) 58. Kc6 (58. Kc6 {Hecht} Nd4+ 59. Kxb6 Nxb3 60. g7 Kf7 61. Bc4+
$18) 1-0

[Event "Beersheba"]
[Site "Beersheba"]
[Date "1996.??.??"]
[Round "4"]
[White "Kantsler, Boris"]
[Black "Mikhalevski, Alexander"]
[Result "1-0"]
[WhiteElo "2475"]
[BlackElo "2435"]
[Annotator "Kantsler,B"]
[PlyCount "177"]
[EventDate "1996.03.??"]
[EventType "tourn"]
[EventRounds "11"]
[EventCountry "ISR"]
[EventCategory "10"]
[SourceTitle "CBM 053"]
[Source "ChessBase"]
[SourceDate "1996.08.01"]
[SourceVersion "1"]
[SourceVersionDate "1996.08.01"]
[SourceQuality "1"]

1. Nf3 {Hecht} d5 2. g3 Bg4 3. Bg2 (3. Ne5 $5 Bh5 4. c4 f6 $6 5. Nf3 dxc4 6.
Bg2 Nc6 7. Qa4 Bf7 8. Ne5 $1 $18 {Tseitlin,MD-Mikhalevski,A/Beer Sheva/1996/1:
0/38/}) 3... c6 4. O-O Nf6 5. b3 Nbd7 6. Bb2 e6 7. d3 Bc5 (7... Bd6 $5) 8. Nbd2
O-O 9. h3 Bxf3 10. Nxf3 Qc7 11. e3 a5 12. a4 b5 $5 (12... Rfe8 13. Qe2 Bf8 14.
e4 dxe4 15. dxe4 e5 16. Nd2 Bc5 17. Kh2 Nf8 18. Nc4 N6d7 19. f4 $16 {Tseitlin,
MD-Mikhalevski,A/ISR-cht/1996/1:0/39/}) 13. Qe2 bxa4 14. Rxa4 Bb4 (14... Nb6
15. Bxf6 (15. Ra2 a4 16. Bxf6 gxf6 $13) 15... gxf6 (15... Nxa4 $2 16. Be5 $18)
16. Rg4+ Kh8 17. e4 $16) 15. Ra2 Ra7 16. e4 Rfa8 17. Rfa1 Ne8 18. d4 (18. exd5
$5 exd5 19. c4 $14) 18... Nb6 19. c4 a4 $1 $8 20. c5 a3 21. cxb6 axb2 22. Qxb2
Qxb6 23. Rxa7 Rxa7 24. Rxa7 Qxa7 25. Ne5 $1 $16 Qc7 (25... Qa8 26. Qc1 $16) (
25... dxe4 26. Nxc6 Qb6 27. Bxe4 $16) 26. Qc2 dxe4 (26... c5 27. Nd3 $16) 27.
Qxc6 (27. Nxc6 $5 Bd6 28. Bxe4 $16) 27... Qxc6 28. Nxc6 {Hecht: [#] 1 weißer
Mehrbauer bei ungleichen Läufern, Lavieren, Stellungsöffnung, Taktik(S-Gabeln),
K-Aktivierung, Freibauernwechsel.} Bd6 29. Bxe4 Bc7 30. Kf1 Nd6 31. Bd3 Bb6 32.
Ke2 Kf8 33. Kd2 h6 34. Kc3 Ke8 35. b4 Kd7 36. Nb8+ (36. b5 $5) 36... Kc7 37.
Na6+ Kc6 38. Nc5 Bd8 (38... Kd5 $6 39. Bb1 Nb5+ $6 40. Kd3 Nxd4 $2 41. Ba2+ Ke5
42. f4+ $18) 39. Be4+ Kc7 40. Kd3 Kb6 41. f3 Kc7 42. f4 Be7 43. g4 Bh4 44. d5
exd5 45. Bxd5 Bg3 46. Ke3 Be1 47. Kd4 $1 Bf2+ (47... Bxb4 $2 48. Na6+ $18) 48.
Ke5 Be1 49. Bb3 $1 Kc6 50. Ba4+ Kc7 51. Kd5 Bd2 52. Nd3 Nc8 53. Bb3 Ne7+ 54.
Ke4 f6 55. Bf7 g5 56. f5 Kd6 57. b5 Bc3 $2 (57... Nc8 $16) 58. Be6 $1 Ba1 59.
Nc1 Bc3 60. Kd3 Be1 61. Kc4 Bd2 62. Ne2 Be3 63. Ng3 Ke5 64. Nh5 Bf2 65. Ng7 Be3
66. Kb4 Bd4 67. Ka5 Kf4 68. Nh5+ Kf3 69. b6 Nc6+ (69... Kg2 70. Kb5 Kxh3 71. b7
Be5 72. Nxf6 $18) 70. Kb5 Nb8 71. Kc4 $1 Be5 (71... Bxb6 72. Nxf6 $18) 72. Bc8
Kg2 73. Kd5 Kxh3 74. Ke6 Bd4 (74... Kxg4 75. Nxf6+ $18) 75. Nxf6 $1 (75. b7 $6
Kxg4 76. Nxf6+ Kh4 77. Nd7 Na6 $16) 75... Bxb6 76. Ne8 Nc6 $8 (76... Kxg4 $2
77. f6 $18) 77. f6 Nd8+ 78. Ke7 Kh4 79. Ng7 Nc6+ 80. Kd6 Nd8 81. Ke7 Ba5 (81...
Nc6+ 82. Ke8 Ne5 83. f7 Bc5 84. Nf5+ Kh3 (84... Kxg4 $2 85. Ne7+ $18) 85. Nxh6
Ng6 86. Bf5 Nf8 87. Ng8 Kg3 88. Ne7 $18) 82. f7 Nxf7 83. Kxf7 Bc3 84. Nh5 Bb2
85. Kg6 Bc1 86. Kxh6 Bd2 87. Kg6 Bc1 88. Kf5 Bd2 89. Ke4 1-0

[Event "Linares-03"]
[Site "Linares"]
[Date "1981.01.24"]
[Round "6"]
[White "Quinteros, Miguel Angel"]
[Black "Bellon Lopez, Juan Manuel"]
[Result "1-0"]
[WhiteElo "2505"]
[BlackElo "2415"]
[Annotator "Kharitonov,A"]
[PlyCount "105"]
[EventDate "1981.01.17"]
[EventType "tourn"]
[EventRounds "11"]
[EventCountry "ESP"]
[EventCategory "13"]
[SourceTitle "MCL"]
[Source "ChessBase"]
[SourceDate "1999.07.01"]
[SourceVersion "1"]
[SourceVersionDate "1999.07.01"]
[SourceQuality "1"]

1. Nf3 Nf6 2. g3 d5 3. Bg2 c6 4. d3 Bf5 5. Nh4 $5 Bg6 (5... Bc8 $5 6. O-O g6 7.
Nd2 Bg7 8. e4 O-O) (5... Bg4 $5 6. h3 Bh5 7. g4 Bg6 $13) 6. Nd2 e6 (6... e5 $5
7. e4 Bd6 8. O-O O-O $13) 7. Nxg6 hxg6 8. e4 Nbd7 9. Qe2 Qc7 10. Nf3 Bc5 $6 (
10... dxe4 $142 11. dxe4 e5 $10) 11. Bf4 $6 (11. e5 $5 Ng4 12. d4 Bb6 13. O-O
$16 (13. h3 $5 Nh6 14. g4 $14)) 11... e5 $5 12. Bd2 (12. exd5 $6 O-O $1 13.
dxc6 (13. Nxe5 $2 Rfe8 $19) 13... exf4 14. cxd7 Bb4+ 15. Kf1 Nxd7 $40) 12...
dxe4 13. dxe4 Qb6 $6 (13... a5 $5 14. a4 O-O 15. O-O Rfe8 $10) 14. b3 Ng4 $2 (
14... O-O $142 15. O-O a5) 15. O-O Ndf6 {/\16...Bf2 17.Rf2 Qf2 18.Qf2 Nf2 19.
Kf2 Ne4/} 16. Be1 $1 a5 (16... Nd7 17. b4 Be7 18. a3 $14) 17. h3 Nh5 $8 (17...
Nh6 18. Nxe5 Bd4 19. Nc4 $18) 18. Nd2 $1 (18. hxg4 $2 Nxg3 19. Qc4 Qb5 20. Qxb5
cxb5 21. Nh2 $8 O-O-O 22. Bxa5 (22. Bf3 Rxh2 $1) 22... Ne2+ 23. Kh1 Rxh2+ $1
24. Kxh2 Rh8+ 25. Bh3 Nf4 26. Bd2 Rxh3+ 27. Kg1 Rg3+ $10) 18... Nxf2 (18...
Ngf6 19. Qf3 $14) 19. Bxf2 Nxg3 20. Qf3 Nxf1 21. Rxf1 O-O 22. Nc4 Bxf2+ 23.
Qxf2 (23. Rxf2 Qc5 $14) 23... Qxf2+ 24. Kxf2 f6 25. Ke3 $14 (25. Rd1 a4 $1 (
25... Rfd8 26. Rxd8+ Rxd8 27. Ke2 $16) 26. b4 Rfd8 $14) 25... Rfe8 $16 (25...
Rfd8 $5) (25... b5 $5) 26. a4 Ra6 $2 (26... Red8 $142) (26... b5 27. axb5 cxb5
28. Nb6 {/\Nd5+/-/}) 27. Bf3 b5 $2 (27... Rd8 $142) 28. Be2 $1 Ra7 29. Nb2 $1
bxa4 (29... Rb7 30. Rd1 $16) 30. Nxa4 Kf7 31. Bg4 c5 $2 (31... Rd8 $142 32. Ra1
$16) 32. Ra1 Ke7 (32... c4 33. bxc4 $16) (32... Rc7 33. Nb2 Ra8 34. Nc4 $16)
33. Nxc5 Rf8 (33... Rc7 34. Rxa5 $18) 34. Nd3 Kd6 (34... f5 35. Nxe5 $18) 35.
Nb2 f5 36. Bf3 Rh8 37. Bg2 Kc5 (37... f4+ 38. Ke2 $16) 38. Nc4 a4 39. Nxe5 a3
40. Nd3+ Kd6 41. e5+ $18 Kd7 42. b4 Rc8 43. Nc5+ Kc7 44. Ra2 g5 45. c4 Rb8 46.
Nd3 Kb6 47. Kd4 Rh8 48. Kc3 Rh4 49. Bd5 (49. Kb3 Rd4 50. Bf1 $18) 49... Rxh3
50. c5+ Kb5 51. Bc4+ Kc6 (51... Ka4 52. c6 g4 53. b5 Ka5 54. Rxa3+ Kb6 55. Rxa7
Kxa7 56. c7 Kb7 57. b6 Rh8 58. Be6 g3 59. Ne1 $18) 52. b5+ Kb7 53. b6 (53. b6
Ra4 54. Kb3 Ra5 55. Kb4 $18) 1-0

[Event "POL-chT 53rd"]
[Site "Krynica"]
[Date "1997.09.27"]
[Round "3"]
[White "Wojtkiewicz, Aleksander"]
[Black "Khenkin, Igor"]
[Result "0-1"]
[WhiteElo "2575"]
[BlackElo "2550"]
[Annotator "Khenkin,I"]
[PlyCount "60"]
[EventDate "1997.09.25"]
[EventType "team-tourn"]
[EventRounds "11"]
[EventCountry "POL"]
[SourceTitle "CBM 061"]
[Source "ChessBase"]
[SourceDate "1997.11.23"]
[SourceVersion "1"]
[SourceVersionDate "1997.11.23"]
[SourceQuality "1"]
[WhiteTeam "Warszawa Polonia"]
[BlackTeam "Gorzow Welkopolski"]
[WhiteTeamCountry "POL"]
[BlackTeamCountry "POL"]

1. Nf3 d5 2. g3 Bg4 3. Bg2 Nd7 4. c4 e6 5. cxd5 exd5 6. O-O Ngf6 7. d3 Bc5 8.
Nc3 O-O 9. Qb3 Re8 $5 $146 (9... Nb6 10. Bg5 $14 {Dizdar,G-Kampos,J 
Barselona-91}) 10. Qxb7 (10. Nxd5 Nxd5 11. Qxd5 Rxe2 12. d4 $1 $14 (12. Qxb7
Rb8 $44)) 10... Rb8 11. Qa6 $1 (11. Qc6 $2 d4 12. Ne4 $8 (12. Na4 $2 Re6 $19)
12... Nxe4 13. dxe4 Rb6 14. Qa4 Rxe4 $36) 11... Ne5 $1 (11... d4 $2 12. Na4 $1
Rxe2 13. Nxc5 Nxc5 14. Qxa7 Nxd3 (14... Rb6 15. Qa3 $18) 15. Nxd4 $18) 12. Bg5
$5 (12. d4 Bxf3 (12... Nxf3+ 13. exf3 Bc8 14. Qd3 $16) 13. dxc5 (13. dxe5 Bxg2
14. Kxg2 Rxe5 $32) 13... Bxg2 14. Kxg2 d4 15. Rd1 $8 Re6 16. Qxa7 (16. Qa4 $6
Nc6 $1 17. e3 Rb4 18. Qc2 Qa8 $1 $17) 16... Nd5 $1 17. Rxd4 (17. Nxd5 $6 Qxd5+
18. Kg1 (18. f3 Ra8 $1 19. Qxc7 (19. Rxd4 $2 Qc6 $19) 19... Nxf3 $1 20. exf3
Re2+ 21. Kg1 Qxf3 $19) 18... Nc6 $1 19. Qxc7 (19. Qa6 Nb4 $36) 19... Rxe2 $44)
17... Nc6 $8 18. Rxd5 (18. Qxb8 Qxb8 19. Rxd5 Nb4 20. Rd1 h5 $36) 18... Nxa7
19. Rxd8+ Rxd8 20. b4 $14) 12... Rxb2 $1 (12... Re6 $2 13. Qa5 $1 Bb4 14. Bxf6
$1 $18) 13. Nxe5 (13. Na4 $6 Re6 $1 14. Qxe6 $1 (14. Qa5 $6 Bb6 $1 $17) 14...
Bxe6 (14... fxe6 $2 15. Nxe5 $1 $18) 15. Nxb2 h6 $1 16. Bf4 Nxf3+ 17. Bxf3 g5
$1 $13) (13. Bxf6 gxf6 $1 $132) 13... Rxe5 14. Bxf6 (14. Na4 $5 $14) 14... gxf6
$1 15. Na4 (15. Qc6 Qd6 $1 16. Qxd6 cxd6 $1 $15) (15. e3 d4 16. Ne4 (16. Na4
dxe3 $3 17. Nxb2 e2 $1 18. Rfe1 (18. Rfc1 Bxf2+ $1 19. Kxf2 (19. Kh1 e1=Q+ 20.
Rxe1 Bxe1 $1 $17) 19... e1=Q+ 20. Rxe1 Qd4+ 21. Kf1 Rf5+ 22. Bf3 Rxf3+ 23. Kg2
Rf2+ $19) 18... Bxf2+ $1 19. Kh1 $8 Bxe1 20. Rxe1 Qd4 $1 21. Qxf6 $8 (21. Nc4
$2 Qf2 $1 $19) 21... Qxb2 $19) 16... Rxe4 $3 17. Bxe4 dxe3 18. fxe3 f5 $1 19.
Bf3 $8 (19. Bg2 Bxe3+ 20. Kh1 Rxg2 $1 21. Kxg2 Qd5+ $19) (19. Bxf5 Bxe3+ 20.
Kh1 Bxf5 21. Rxf5 Qa8+ $1 $19) 19... Qg5 20. Bxg4 (20. Rae1 Bxe3+ 21. Kh1 Bxf3+
22. Rxf3 Qh5 23. Qc8+ Kg7 $19) 20... Qxe3+ 21. Kh1 Qd2 $1 22. Qc8+ Kg7 $19)
15... Re6 $8 16. Qa5 (16. Qxe6 $6 fxe6 17. Nxb2 Bxe2 18. Rfe1 Bg4 19. h3 Bf5
20. g4 Bg6 21. Rxe6 Bd4 $1 22. Rb1 Qd7 $17) 16... Bb6 $1 17. Qxd5 (17. Nxb6
axb6 18. Qxd5 Qxd5 19. Bxd5 Rexe2 $15) 17... Rd6 $8 18. Qxd6 (18. Qc4 Rd4 $1 (
18... Be6 $6 19. Qe4 Rd4 20. Nxb2 Rxe4 21. Bxe4 (21. dxe4 Qd2 22. Nd3 Qxe2 23.
Nf4 Qb2 $1 24. Nxe6 fxe6 $15) 21... Bd4 22. Rab1 (22. Rfb1 Qb8 $1 23. Nc4 Qf8
$1 $17) 22... Bxa2 23. Ra1 Be6 24. Rab1 $11) 19. Nxb2 (19. Qc3 Rxe2 20. Nxb6
axb6 $17) 19... Rxc4 20. Nxc4 Bxe2 21. Rfe1 Qxd3 22. Nxb6 axb6 $15) (18. Qa8
Qxa8 19. Bxa8 Rxe2 20. Nxb6 cxb6 $17) (18. Qe4 Rd4 $1 (18... f5 $6 19. Qf4 Rd4
20. Qc1 $1 Rxe2 21. Nxb6 axb6 22. h3 Bh5 $13) 19. Nxb2 Rxe4 20. Bxe4 Qd4 $1 21.
Nc4 Bxe2 $17) 18... Qxd6 19. Nxb2 Qd4 $1 20. Nc4 Bxe2 21. Be4 (21. Rfe1 Qxf2+
22. Kh1 Bf3 23. Rg1 Bd4 24. Rac1 Qe2 25. Bxf3 Qxf3+ 26. Rg2 Qxd3 $17) 21... a5
$1 $17 22. a3 $2 $138 (22. Rac1 $142 $1 Bxf1 23. Rxf1 Qc3 24. Rd1 $17) 22...
Bxf1 23. Rxf1 Qc3 $1 24. Rd1 $6 (24. Nxb6 $142 cxb6 25. a4 (25. Rb1 Qxa3 26.
Rxb6 a4 $1 $19) 25... f5 $1 26. Bd5 $1 (26. Bxf5 $2 Qc6 $1 27. Rb1 Qxa4 28.
Rxb6 Qa2 $1 $19) 26... Qxd3 27. Bc6 $17) 24... Bc5 $1 $19 25. Kg2 (25. a4 Qc2
26. Rd2 Qxa4 $19) 25... Bxa3 26. Ne3 Bb4 27. Rb1 c6 $1 $138 28. Nf5 a4 29. d4
a3 30. d5 a2 0-1

[Event "GER CupT 9697 sf"]
[Site "Porz"]
[Date "1997.03.15"]
[Round "?.4"]
[White "Thiede, Lars"]
[Black "Knaak, Rainer"]
[Result "0-1"]
[WhiteElo "2310"]
[BlackElo "2540"]
[Annotator "Knaak,R"]
[PlyCount "128"]
[EventDate "1997.??.??"]
[EventType "team"]
[EventRounds "1"]
[EventCountry "GER"]
[SourceTitle "GER-chT"]
[Source "ChessBase"]
[SourceDate "1999.07.01"]
[SourceVersion "1"]
[SourceVersionDate "1999.07.01"]
[SourceQuality "1"]

1. g3 d5 2. Nf3 c6 3. b3 a5 {Wurde sogar schon mal gespielt.} 4. a3 {So aber
nicht. Ich glaube, 4.Bb2 ist besser.} e6 5. Bg2 Nf6 6. O-O Nbd7 7. c4 a4 8.
cxd5 exd5 9. b4 Bd6 10. Bb2 O-O 11. d3 Re8 12. Re1 Qc7 13. Nc3 Nb6 14. Rc1 Qd8
15. Nb1 Bg4 16. Nbd2 Nbd7 17. Qc2 Qb8 18. Bd4 Bc7 19. Qb2 Bb6 20. Bxb6 Nxb6 21.
e4 dxe4 22. dxe4 Nbd7 23. e5 {Ein Übersehen, aber trotzdem gut.} Bxf3 24. Nxf3
Ng4 25. e6 Rxe6 26. Rxe6 fxe6 27. Bh3 Nde5 28. Bxg4 $6 (28. Qe2 Nxf3+ 29. Qxf3
Ne5 30. Bxe6+ Kh8 31. Qf5 $13) 28... Nxg4 29. Qd4 Nf6 30. Re1 Qd8 31. Rxe6 Qxd4
32. Nxd4 Rd8 33. Nf5 Nd5 34. Kg2 Kf7 35. Re4 (35. Rd6 $5 Re8 $13) 35... Kf6 36.
Nd4 Nc3 $5 (36... h6 {ist ohne Risiko.}) 37. Rf4+ Ke5 38. Nf3+ Kd6 39. Ng5 Re8
40. Rf3 Nb5 41. Rd3+ Kc7 {In Zeitnot hatte ich den h7 mehr oder weniger
eingestellt, aber wegen der Vorteile am Damenflügel spielt trotzdem Schwarz
auf Gewinn.} 42. Nxh7 b6 (42... Re1 43. Ng5 Kb6 44. h4 Ra1 {kommt auch in
Frage.}) 43. Rf3 c5 44. bxc5 bxc5 45. Rf4 (45. Rf7+ Kc6 46. Rxg7 c4 47. Rg6+
Nd6 {und der c-Bauer ist durch.}) 45... Ra8 46. Ng5 Kb6 $1 47. Ne4 c4 {Der
weiße Springer möchte nach c3, aber das schafft er nur unter Abtausch.} 48. Rf3
Rc8 49. Nc3 Nxc3 50. Rxc3 Kc5 {Das Turmendspiel ist klar gewonnen.} 51. Kf1 Kd4
52. Rc1 c3 53. Ke1 Kd3 54. Rd1+ Kc2 55. Rd7 Re8+ 56. Kf1 Rb8 57. Rxg7 Kb2 58.
Rc7 c2 59. f4 c1=Q+ 60. Rxc1 Kxc1 61. f5 Kb2 62. g4 Kxa3 63. f6 Kb3 64. g5 a3
0-1

[Event "EU-chT (Men) 12th"]
[Site "Batumi"]
[Date "1999.12.07"]
[Round "9.3"]
[White "Socko, Bartosz"]
[Black "Galkin, Alexander"]
[Result "0-1"]
[WhiteElo "2543"]
[BlackElo "2535"]
[Annotator "Konikowski,J"]
[PlyCount "56"]
[EventDate "1999.11.06"]
[EventType "team-swiss"]
[EventRounds "9"]
[EventCountry "GEO"]
[SourceTitle "CBM 074"]
[Source "ChessBase"]
[SourceDate "2000.02.01"]
[SourceVersion "1"]
[SourceVersionDate "2000.02.01"]
[SourceQuality "1"]
[WhiteTeam "Poland"]
[BlackTeam "Russia"]
[WhiteTeamCountry "POL"]
[BlackTeamCountry "RUS"]

1. g3 d5 2. Bg2 g6 3. Nf3 Bg7 4. O-O Nf6 5. d3 O-O 6. Nbd2 Nc6 7. e4 e5 8. c3
a5 9. a4 h6 10. Re1 (10. Kh1 Be6 11. Ng1 Qd7 12. f4 Ng4 13. Ndf3 dxe4 14. dxe4
Qxd1 15. Rxd1 Nf2# {0-1 Nairsh,M-O'Siochru,M/Novi Sad 1990/}) (10. Qe2 Re8 11.
Rd1 {1/2-1/2 Norwood,D-Hebden,M/London 1988/}) 10... Re8 (10... dxe4 11. dxe4
Be6 12. Bf1 Nd7 13. b3 $5 {/^a3-f8} Re8 (13... Qe7 $2 14. Ba3 Nc5 15. b4 axb4
16. cxb4 Nxa4 17. b5 Nb4 (17... Nc3 18. Bxe7 Nxd1 19. Rxa8 Rxa8 20. bxc6 $18)
18. Qb1 $18) 14. Qc2 Qf6 $6 15. Kg2 Nb6 16. Be2 Bf8 17. Nf1 Kh7 18. Ne3 Qg7 19.
h4 f6 $2 (19... Be7 $142) 20. h5 $36 {Fiorito,F-Sorin,A/San Martin 1994/}) 11.
Qc2 (11. exd5 Nxd5 12. Nc4 Bf5 (12... Nb6 13. Nxb6 cxb6 14. Be3 Be6 15. Qc2 Rc8
16. Bf1 Kh7 17. Nd2 Nb4 18. Qb1 Nd5 19. Nc4 Bf5 $11 {Viatte,R-Bernard,C/FRA
1994/}) 13. Nh4 (13. Qb3 e4 14. dxe4 Bxe4 15. Be3 Nxe3 {1/2-1/2 Franz,
K-Floeter,F/OLO-A 1995/}) 13... Be6 14. Nf3 (14. Qc2 Qd7 15. Bd2 Rad8 16. Nf3
Bg4 17. Qb3 b6 18. Qb5 Bf5 19. Bf1 g5 20. h3 f6 21. Rad1 Nde7 22. Kh2 Kh8 $11 {
Kharlov,A-Adams,M/New York 1995/}) 14... Bf5 15. Nh4 Be6 {1/2-1/2 Wach,
M-Znamenacek,K/Prague 1989/} (15... Be6 16. Nf3 f6 17. Qc2 (17. Ne3 f5 18. d4
e4 19. Nxd5 Qxd5 20. Nd2 Rad8 21. Qe2 Bf7 22. Qb5 Na7 23. Qxd5 Bxd5 24. Bf1 Nc8
25. Nc4 Nd6 26. Nxd6 Rxd6 27. Bf4 Rd7 $15 {Balashov,Y-Romanishin,O/Berlin 1990/
}) 17... Qd7 18. Bd2 Nde7 19. Rad1 Rad8 20. Bc1 g5 21. Qb3 f5 22. Rd2 Qc8 23.
h4 g4 24. Nh2 b6 25. Nf1 Bf7 26. Rdd1 Qd7 27. Qb5 Bd5 28. Bxd5+ Nxd5 $11 {
Hickl,J-Nogueiras,J/Zagreb 1987/})) (11. b3 d4 12. cxd4 Nxd4 13. Bb2 Nc6 14.
Rc1 Nb4 15. Bf1 Nh7 16. Nc4 Bg4 17. h3 Bxf3 18. Qxf3 c5 19. h4 h5 20. Qe3 b6
21. Bh3 Ra7 22. Red1 Nf8 23. Ba3 Na6 24. Kg2 Ne6 25. Bxe6 Rxe6 26. Rf1 Rd7 $15
{Sturua,Z-Fernandez,J/Komotini 1992/}) 11... Be6 (11... Rb8 12. Nf1 Be6 13. Bd2
dxe4 14. dxe4 Qe7 15. Ne3 Red8 16. Rad1 Rd7 17. Bc1 Rbd8 $13 {Smith,
V-O'Siochru,M/Novi Sad 1990/}) (11... b6 12. exd5 Nxd5 13. Nc4 Ba6 14. Ne3 (14.
Bd2 Qd7 15. Re2 e4 16. Rxe4 Rxe4 17. dxe4 Bxc4 18. exd5 Bxd5 19. Rd1 Qe6 $11 {
Sofieva,A-Amura,C/Santiago 1990/}) 14... Nxe3 15. Rxe3 Qd7 16. Ne1 Rad8 17. Rb1
Ne7 18. Re2 c5 19. Rd2 Qc7 20. b3 Rd7 21. Bb2 Red8 22. Rbd1 f5 $17 {Natter,
M-Michaelsen,N/Oberwart 1992/}) 12. b3 (12. Nf1 Qd7 13. Bd2 Rad8 14. b4 dxe4
15. dxe4 Bc4 $15 {Kislov,M-Kaminski,M/Warsaw 1992/}) (12. exd5 Bxd5 13. Ne4 Nd7
14. Nfd2 Nb6 15. f3 f5 16. Nc5 Nd7 17. Ndb3 b6 18. Nxd7 Qxd7 19. Be3 Rad8 20.
Rad1 Ne7 21. Nc1 Bc6 22. b3 Nd5 $15 {Bazan,O-Bielicki,C/Buenos Aires 1962/})
12... Qd7 13. Bb2 Rad8 14. Rad1 Qe7 15. Qc1 (15. exd5 Nxd5 16. Nc4 Bg4 $11)
15... Qd7 16. Qc2 Qe7 17. Qc1 (17. exd5 Nxd5 18. Nc4 Bg4 $11) 17... Qd7 18. Ba3
(18. b4 axb4 19. cxb4 Ng4 20. exd5 (20. h3 $2 Nxb4 21. hxg4 Nxd3 22. Qc2 Nxe1
23. Rxe1 Bxg4 $19) 20... Bxd5 $11) 18... Bh3 19. Nf1 Bxg2 20. Kxg2 Qe6 21. Qc2
Rd7 22. Bc1 Red8 23. exd5 Qxd5 24. Ne3 Qc5 25. Kg1 (25. Bb2 $5) 25... Nd5 26.
Nc4 $2 (26. Nxd5 $142 Rxd5 27. Rd2 $15) 26... Nxc3 $1 $19 27. Ba3 (27. Qxc3 e4
28. d4 exf3 29. dxc5 Bxc3 $19) 27... Qd5 28. Qxc3 Qxf3 0-1

[Event "Gibraltar Masters 10th"]
[Site "Caleta"]
[Date "2012.01.25"]
[Round "2"]
[White "Laznicka, Viktor"]
[Black "Pavlovic, Milos"]
[Result "1-0"]
[WhiteElo "2704"]
[BlackElo "2531"]
[Annotator "Let's Check"]
[PlyCount "51"]
[EventDate "2012.01.24"]
[EventType "swiss"]
[EventRounds "10"]
[EventCountry "GGB"]
[SourceTitle "CBM 147"]
[Source "ChessBase"]
[SourceDate "2012.03.16"]
[SourceVersion "1"]
[SourceVersionDate "2012.03.16"]
[SourceQuality "1"]

1. Nf3 Nf6 2. g3 d5 3. Bg2 e6 4. O-O Be7 5. d3 O-O 6. Nbd2 a5 7. e4 a4 8. e5
Nfd7 9. c4 Nb6 10. Qe2 Nc6 11. Rd1 f6 12. d4 fxe5 13. dxe5 Qe8 14. h3 Qg6 15.
cxd5 exd5 16. Nf1 Be6 17. Be3 Nc4 18. Bf4 a3 19. bxa3 Rxa3 20. Ne3 Rxf4 21.
gxf4 Nxe3 22. fxe3 Bc5 23. Ng5 Rxe3 $6 (23... h6 24. Nxe6 Rxe3 $11) 24. Qb5 $16
Bb6 25. Kh1 $6 (25. Kh2 Kf8 26. Nxe6+ $18) 25... Nd4 $4 (25... Kh8 26. Nxe6
Qxe6 $14) 26. Qa4 1-0